| 000 | 00617nam a22001937a 4500 | ||
|---|---|---|---|
| 003 | OSt | ||
| 005 | 20260427071513.0 | ||
| 008 | 260427b |||||||| |||| 00| 0 eng d | ||
| 020 | _a9710617680 | ||
| 040 |
_aDWCL Main Lib. _cOC |
||
| 082 | _aFil. 001.4 F289i 1997 | ||
| 100 | _aFebre, Francisco A., Jr. | ||
| 245 |
_aIntroduction to statistics / _cFrancisco A. Febre, Jr. |
||
| 260 |
_aQuezon City, Philippines : _bPhoenix Publishing House, _cc1997. |
||
| 300 |
_avii, 209 pages : _billustrations ; _c25 cm. |
||
| 504 | _aIncludes bibliographical references. | ||
| 650 | _a1. Statistics. | ||
| 942 |
_2ddc _cBK-FIL _n0 |
||
| 999 |
_c9949 _d9949 |
||